| 000 | 00658nam a22002177a 4500 | ||
|---|---|---|---|
| 005 | 20150107125112.0 | ||
| 008 | 141217b2012 ck Il. |r|||| 00| 0 spa d | ||
| 040 |
_cCOBoIAVH _aCOBoIAVH |
||
| 041 | _aspa | ||
| 044 | _ack | ||
| 090 |
_aEA _b00207 |
||
| 245 | _aCuentos de amor por la naturaleza | ||
| 260 |
_aMedellĂn : _bCorantioquia, _c2012. |
||
| 300 |
_a36 pag _bIl. _c17 cm. |
||
| 650 | 1 | 4 |
_aCuentos infantiles _zColombia _931044 |
| 650 | 1 | 4 |
_aLiteratura infantil _zColombia _931045 |
| 650 | 1 | 4 |
_aAnimales en la literatura _931046 |
| 650 | 1 | 4 |
_aNaturaleza en la literatura _931047 |
| 700 |
_aUribe-Valencia, Oscar David _eEd. _930339 |
||
| 942 |
_2z _cLIBRO |
||
| 999 |
_c8892 _d8892 |
||